000 00603nam a2200181 i 4500
001 184908
003 ES-MaACL
005 20250907063135.0
008 160218s1910 sp |||| | spa d
100 1 _aMárquez, Manuel,
_d1872-1962
_977011
245 1 4 _aLos errores del vulgo respecto al uso de cristales en los defectos de la vista /
_cDr. [Manuel Márquez Rodriguez].
260 _aMadrid :
_bNicolás Moya,
_c1910.
300 _a63 p. ;
_c23 cm.
650 4 _aVista-
_xDefectos.
_9143421
650 0 4 _aOftalmología.
_915693
852 _aES-MaACL
_jT-1230-F-8
999 _c184908
_d184908